| 000 | 01521cam a2200373 a 4500 | ||
|---|---|---|---|
| 001 | 12032449 | ||
| 003 | OSt | ||
| 005 | 20140310181744.0 | ||
| 008 | 000606s2001 nyu b 001 0 eng | ||
| 010 | _a 00044847 | ||
| 020 | _a0712603859 | ||
| 040 |
_aDLC _cDLC _dDLC |
||
| 050 | 0 | 0 |
_aBF 637 _b.B472 2001 |
| 082 | 0 | 0 |
_aM 152.4 _bB43 2001 |
| 100 | 1 |
_aBennett-Goleman, Tara. _912528 |
|
| 245 | 1 | 0 |
_aEmotional alchemy : _bhow the mind can heal the heart / _cBennett-Goleman, Tara ; foreword by the Lama, Dalai . |
| 250 | _a1st ed. | ||
| 260 |
_aNew York : _bHarmony Books, _cc2001. |
||
| 300 |
_ax, 341 p. ; _c25 cm. |
||
| 504 | _aIncludes bibliographical references (p. [324]-327) and index. | ||
| 521 | _aCollege Students | ||
| 526 | _c1210L-1700L | ||
| 541 | _j1 | ||
| 562 | _efor circulation. 1 copy available in the collection | ||
| 650 | 0 |
_aMeditation. _910027 |
|
| 650 | 0 |
_aEmotions. _95990 |
|
| 650 | 0 |
_aBuddhism _xPsychology. _912529 |
|
| 856 | 4 | 2 |
_3Contributor biographical information _uhttp://www.loc.gov/catdir/bios/random052/00044847.html |
| 856 | 4 | 1 |
_3Sample text _uhttp://www.loc.gov/catdir/samples/random051/00044847.html |
| 856 | 4 | 2 |
_3Publisher description _uhttp://www.loc.gov/catdir/description/random047/00044847.html |
| 906 |
_a7 _bcbc _corignew _d1 _eocip _f20 _gy-gencatlg |
||
| 942 |
_2lcc _cBK _kM |
||
| 999 |
_c2923 _d2923 |
||